Logo BPK

Bibliografia Prac Pracowników

Politechniki Koszalińskiej

Przedsiębiorstwo w warunkach globalizacji gospodarki / (Rekord nr 4395)

Szczegóły MARC
000 -ETYKIETA REKORDU
podpole kontrolne o stałej długości 01274nab a2200229 i 4500
001 - NUMER KONTROLNY REKORDU
podpole kontrolne BPP
003 - IDENTYFIKATOR NUMERU KONTROLNEGO REKORDU
podpole kontrolne BPK
005 - DATA OSTATNIEJ MODYFIKACJI REKORDU
podpole kontrolne 20160604121402.0
008 - POLE O STAŁEJ DŁUGOŚCI - DANE KONTROLNE
podpole kontrolne o stałej długości 150506s2003 pl n f |000 0pol
040 ## - ŹRÓDŁO KATALOGOWANIA
Instytucja, która utworzyła rekord BPK
080 ## - UNIWERSALNA KLASYFIKACJA DZIESIĘTNA - UKD
UKD 339.92
100 ## - NAZWA OSOBOWA
Nazwa osobowa WALLIS, Anna.
Lata pracy 1996 - .
Instytucja Politechnika Koszalińska - Wydział Ekonomii i Zarządzania,
Wydział Katedra Metod Ilościowych - Zakład Zastosowań Informatyki w Ekonomii
245 ## - TYTUŁ/ODPOWIEDZIALNOŚĆ
Tytuł Przedsiębiorstwo w warunkach globalizacji gospodarki /
Pozostałe elementy strefy tytułu i oznaczenia odpowiedzialności Anna Wallis.
260 ## - STREFA ADRESU WYDAWNICZEGO
Data publikacji, dystrybucji/powstania dokumentu 2003.
500 ## - UWAGI OGÓLNE
Tekst uwagi Dane z autopsji.
520 ## - UWAGA DOTYCZĄCA TREŚCI DOKUMENTU
Analiza dokumentacyjna, adnotacja itp. Proces globalizacji jest obecnie jednym z najważniejszych trendów w rozwoju światowej gospodarki. Obecnie globalizacja jest najczęściej postrzeganą cechą otoczenia przedsiębiorstw. Z pewnością pozostanie nadal cechą przedsiębiorstwa przyszłości. Zarówno globalizacja, jak i rozwój technologii informatycznych wpływają na podejście przedsiębiorstw do prowadzenia działalności oraz efektywnego konkurowania na rynku globalnym.
650 #0 - HASŁO PRZEDMIOTOWE W FORMIE NAZWY OGÓLNEJ LUB JEDNOSTKOWEJ
Nazwa ogólna lub geograficzna Globalizacja.
650 ## - HASŁO PRZEDMIOTOWE W FORMIE NAZWY OGÓLNEJ LUB JEDNOSTKOWEJ
Nazwa ogólna lub geograficzna Gospodarka.
650 #0 - HASŁO PRZEDMIOTOWE W FORMIE NAZWY OGÓLNEJ LUB JEDNOSTKOWEJ
Nazwa ogólna lub geograficzna Przedsiębiorstwo.
773 ## - TYTUŁ DOKUMENTU MACIERZYSTEGO
Wyrażenie wprowadzające W :
Tytuł Koszalińskie Studia i Materiały. -
Adres wydawniczy Koszalin : Wydaw. Uczelniane Politechniki Koszalińskiej, 2003. -
Informacje dotyczące relacji nr 5, s. 177-187
942 ## - HASŁO DODATKOWE - ELEMENTY(KOHA)
Typ dokumentu Artykuł
Schemat klasyfikacji Uniwersalna klasyfikacja dziesiętna
Egzemplarze
Wycofany Zagubiony Uszkodzony Dostępność Lokalizacja stała Lokalizacja bieżąca Sygnatura Typ dokumentu
      Dostępny Bibliografia Prac Pracowników - BPK Bibliografia Prac Pracowników - BPK 0856 Artykuł
© 2014 Biblioteka Politechniki Koszalińskiej :: BIBLIOGRAFIA PRAC PRACOWNIKÓW